01641nas a2200241Ia 4500001001100000003001000011008004100021040002500062041001300087100001900100210001600119222001600135245005800151250001100209260009200220300001100312310001500323362003700338500044800375501011400823520044800937650001401385R050-S3709IT-CnALBA170116c99999999xx |||||||||||| ||und|| aIT-CnALBAcIT-CnALBA aITALIANO aCATTANEO MARIO aLA FAMIGLIA aLA FAMIGLIA 0aLA FAMIGLIA. LUGLIO AGOSTO 1997. PROBLEMI FAMILIARI.  a1a ed. a BRESCIAbLA SCUOLA, SOCIETÀ EDITRICE c1997 [1° Ed.:1997 - Ed.Ling.Originale: 1997] a96 p.  aBIMESTRALE aFascicolo: 184 / Anno: 31 (1997) aLA FAMIGLIA. NON RASSEGNAZIONE. DIMENSIONE SPIRITUALE. MONITO ALLA SCIENZA PEDAGOGICA. RIFORMA WELFARE STATE, SOSTEGNO RESPONSABILITÀ FAMILIARI. E SERVIZIO SANITARIO, SNODI PER LA RIFORMA. DOPO IL FAMILISMO... ASPETTI E PROBLEMI ETICI. FRANZONI FL. HANAU C. NICOLETTI M. CICCONE L. FIGLI ALBANIA, OSPITALITA' E ACCOGLIENZA N. PAPARELLA. LUOGO E SOGGETTO DI FORMAZIONE LUNGO L'ARCO DELLA VITA. MINISTERO, PARI OPPORTUNITÀ PROMOZIONE DONNA.  aSocietà San Paolo EM - Piazza San Paolo, 14 - 12051 ALBA (CN) (non commercial uses only) ® Copyright 2017 aLA FAMIGLIA. NON RASSEGNAZIONE. DIMENSIONE SPIRITUALE. MONITO ALLA SCIENZA PEDAGOGICA. RIFORMA WELFARE STATE, SOSTEGNO RESPONSABILITÀ FAMILIARI. E SERVIZIO SANITARIO, SNODI PER LA RIFORMA. DOPO IL FAMILISMO... ASPETTI E PROBLEMI ETICI. FRANZONI FL. HANAU C. NICOLETTI M. CICCONE L. FIGLI ALBANIA, OSPITALITA' E ACCOGLIENZA N. PAPARELLA. LUOGO E SOGGETTO DI FORMAZIONE LUNGO L'ARCO DELLA VITA. MINISTERO, PARI OPPORTUNITÀ PROMOZIONE DONNA.  aFAMIGLIA